000
00298nam a2200109Ia 4500
001
1276019
005
20260417160439.0
008
260417s9999 xx 000 0 und d
020
_a
9786256999114
245
0
_a
Evliya Çelebi - Seyahatname'nin Peşinde
_c
Feride Kurtulmuş
260
_b
Ketebe Çocuk
999
_c
1276019
_d
1276019